[Event "Delkanda Inter Club-chT"]
[Site "Delkanda"]
[Date "2021.02.27"]
[Round "3.2"]
[White "Premachandra, GTD"]
[Black "Lamahewa, C."]
[Result "1-0"]
[WhiteElo "1932"]
[BlackElo "1840"]
[PlyCount "117"]
[EventDate "2021.02.26"]
[EventType "team-tourn"]
[EventRounds "9"]
[EventCountry "SRI"]
[SourceTitle "EXT 2022"]
[Source "ChessBase"]
[SourceDate "2021.10.06"]
[SourceVersion "1"]
[SourceVersionDate "2021.10.06"]
[SourceQuality "1"]
[WhiteTeam "Jayewardenepura Univ"]
[BlackTeam "Anandians CC"]
[WhiteTeamCountry "SRI"]
[BlackTeamCountry "SRI"]

1. b3 e5 2. Bb2 Nc6 3. e3 Nf6 4. d4 Bb4+ 5. c3 Be7 6. Nf3 e4 7. Nfd2 d5 8. c4 Bg4 9. Qc2 Nb4 10. Qc3 c6 11. a3 Na6 12. cxd5 cxd5 13. Bxa6 bxa6 14. Qc6+ Bd7 15. Qxa6 Rb8 16. Nc3 0-0 17. 0-0 Bc8 18. Qe2 Bg4 19. Qe1 Qd7 20. b4 Rb6 21. f3 exf3 22. Nxf3 Bxf3 23. Rxf3 Re6 24. Qe2 a6 25. Re1 Rb8 26. Qc2 Bd6 27. Qf5 Rbe8 28. Bc1 Bc7 29. Ref1 Qc6 30. Bd2 R6e7 31. Qg5 Kh8 32. Rf5 Qe6 33. Bc1 Ne4 34. Nxe4 Qxe4 35. Rxf7 Rxf7 36. Rxf7 Rg8 37. Rxc7 h6 38. Qg3 Qd3 39. h3 Kh7 40. Kh2 Kh8 41. Qe5 Qg6 42. Bd2 Rf8 43. Be1 Rf1 44. Qg3 Qf6 45. Rc2 Qe6 46. a4 Rf5 47. Rf2 Rg5 48. Qf4 Qc6 49. Qf8+ Kh7 50. a5 Qc1 51. Bd2 Qc7+ 52. Qf4 Qe7 53. Re2 Qd7 54. e4 Qb5 55. Rf2 Qd3 56. Qf3 Qxf3 57. Rxf3 dxe4 58. Bxg5 exf3 59. Be3 1-0

[Event "Asia-ch U20 33rd"]
[Site "Colombo"]
[Date "2011.06.07"]
[Round "8.5"]
[White "Premachandra, GTD"]
[Black "Nitin, Senthilvel"]
[Result "0-1"]
[WhiteElo "1940"]
[BlackElo "2365"]
[PlyCount "53"]
[EventDate "2011.06.01"]
[EventType "swiss"]
[EventRounds "8"]
[EventCountry "SRI"]
[SourceTitle "EXT 2022"]
[Source "ChessBase"]
[SourceDate "2021.10.06"]
[SourceVersion "1"]
[SourceVersionDate "2021.10.06"]
[SourceQuality "1"]

1. e4 c5 2. Nf3 d6 3. d4 cxd4 4. Nxd4 Nf6 5. Nc3 a6 6. Be2 e5 7. Nb3 Be7 8. 0-0 0-0 9. Be3 Be6 10. f4 exf4 11. Bxf4 Nc6 12. Kh1 Rc8 13. h3 b5 14. a3 Re8 15. Nd4 Nxd4 16. Qxd4 Rc6 17. Rfd1 Qc8 18. Kh2 Nd7 19. Qe3 Ne5 20. Qg3 Bf6 21. Rf1 Ng6 22. Bxd6 Bh4 23. Qd3 Bc4 24. Qd4 Bf6 25. Rxf6 gxf6 26. Bg4 Qd8 27. Rd1 0-1

[Event "Asia-ch U20 33rd"]
[Site "Colombo"]
[Date "2011.06.04"]
[Round "4.5"]
[White "Saeed, Ishaq"]
[Black "Premachandra, GTD"]
[Result "1-0"]
[WhiteElo "2224"]
[BlackElo "1940"]
[PlyCount "97"]
[EventDate "2011.06.01"]
[EventType "swiss"]
[EventRounds "8"]
[EventCountry "SRI"]
[SourceTitle "EXT 2022"]
[Source "ChessBase"]
[SourceDate "2021.10.06"]
[SourceVersion "1"]
[SourceVersionDate "2021.10.06"]
[SourceQuality "1"]

1. d4 f5 2. c4 e6 3. Nf3 Nf6 4. g3 Be7 5. Bg2 d5 6. 0-0 c6 7. Nbd2 0-0 8. Ne5 Nbd7 9. Nd3 Ne4 10. Qc2 Bf6 11. e3 Kh8 12. b3 Nxd2 13. Bxd2 dxc4 14. Qxc4 e5 15. dxe5 Nxe5 16. Nxe5 Bxe5 17. Rad1 Qf6 18. f4 Bb2 19. Bb4 Be6 20. Qc2 Rfd8 21. Rxd8+ Rxd8 22. Rb1 Bd4 23. Re1 Bb6 24. Kh1 Bd5 25. Bc3 Qe6 26. Bxd5 cxd5 27. Be5 d4 28. exd4 Qd5+ 29. Qg2 Qd7 30. Rd1 Rc8 31. d5 h6 32. d6 Rc6 33. h3 Bc5 34. Qd5 Bf2 35. Kg2 Be3 36. Qd3 Bc5 37. Kf3 Kg8 38. g4 fxg4+ 39. hxg4 h5 40. Qf5 hxg4+ 41. Kxg4 Rc7 42. Rd2 g6 43. Qxd7 Rxd7 44. Rh2 Bxd6 45. Rh8+ Kf7 46. Rh7+ Ke6 47. Rxd7 Kxd7 48. Bxd6 Kxd6 49. Kg5 1-0

[Event "Ravana op"]
[Site "Ravana"]
[Date "2009.09.13"]
[Round "1"]
[White "Premachandra, GTD"]
[Black "Maheswaran, Palsamy"]
[Result "0-1"]
[WhiteElo "1839"]
[BlackElo "2347"]
[PlyCount "72"]
[EventDate "2009.09.13"]
[EventType "swiss"]
[EventRounds "10"]
[EventCountry "SRI"]
[SourceTitle "EXT 2010"]
[Source "ChessBase"]
[SourceDate "2010.11.25"]
[SourceVersion "1"]
[SourceVersionDate "2010.11.25"]
[SourceQuality "1"]

1. c4 Nf6 2. Nc3 e6 3. e4 c5 4. f4 Nc6 5. Nf3 d5 6. cxd5 exd5 7. e5 Ne4 8. Bb5 Be7 9. 0-0 0-0 10. d3 Nxc3 11. bxc3 a6 12. Bxc6 bxc6 13. Kh1 Bf5 14. h3 c4 15. dxc4 dxc4 16. Nd4 Be4 17. Qg4 c5 18. f5 cxd4 19. Bh6 Bf6 20. exf6 Qxf6 21. Bg5 Qc6 22. f6 g6 23. cxd4 Rfe8 24. Rf2 Qd5 25. Qh4 h5 26. Re1 Re6 27. Be3 Rae8 28. Qg3 c3 29. Kg1 Bd3 30. Qc7 c2 31. Rf3 Qxd4 32. Kh1 Rxe3 33. Rfxe3 Rxe3 34. Qc8+ Kh7 35. Qc7 Rxe1+ 36. Kh2 Qe5+ 0-1